Gaming Quiz

Random Gaming Quiz

Skyrim: Dwemer ruin names Quiz Stats

 Plays Quiz not verified by Sporcle

Support Sporcle.
Go Orange.
Score 0/13 Timer 08:00
0 Plays Today
Location Dwemer Ruin % Correct
North of Shor's StoneMzulft
72.5%
Southwest of DawnstarMzinchaleft
67.2%
An immense cavernBlackreach
64.9%
Southwest of WinterholdAlftand
59.5%
Northwest of the Shrine to PeryiteBthardamz
49.6%
In BlackreachTower of Mzark
45%
Southwest of Windhelm and between Lake Yorgrim and the White RiverRaldbthar
42.7%
West of Windhelm and South of Lake YorgrimIrkngthand
42%
A large Dwemer ruin behind Understone KeepNchuand-Zel
39.7%
North of Riften and Southeast of MzulftKagrenzel
28.2%
Southwest of Riften, on the border of SkyrimAvanchnzel
28.2%
In WinterholdSightless Pit
16%
Southeast of Markarth and North of Dushnikh YalReachwind Eyrie
14.5%

You're not logged in!

Compare scores with friends on all Sporcle quizzes.
OR
Log In

From the Vault

Three Hits in One Year II

by ghcgh

Some artists just make it look easy.
Remove Ads.
Support Sporcle.
Get the best of Sporcle when you Go Orange. This ad-free experience offers more features, more stats, and more fun while also helping to support Sporcle. Thank you for becoming a member.

Show Comments

Extras

Created Mar 15, 2012ReportNominate
Tags:description, location, ruin, Skyrim

Top Quizzes Today


Score Distribution

Your Account Isn't Verified!

In order to create a playlist on Sporcle, you need to verify the email address you used during registration. Go to your Sporcle Settings to finish the process.

Report this User

Report this user for behavior that violates our Community Guidelines.

Details: